000 00606nam a22001815i 4500
001 68429
003 ES-MaACL
005 20250902063057.0
007 t|
008 960802s1852 sp ||||1| spa d
040 _aCAM
_bspa
_cCAM
100 1 _aGarcía de Quevedo, José Heriberto,
_d1819-1871
_954492
245 1 3 _aEl proscripto
_b: episodios de la tragicomedia del siglo XIX /
_cde J. Heriberto García de Quevedo.
260 _aMadrid :
_b[s.n.],
_c1852 (
_fImprenta y estereotipia de M. Rivadeneyra)
300 _a407 p. ;
_c22 cm.
852 _aES-MaACL
_jG-7901
999 _c68429
_d68429